Members of the Pennsylvania Senate - Statistics

General Stats
  • This quiz has been taken 2 times
  • The average score is 41 of 50
Answer Stats
District Party Senator % Correct
17 Democrat Amanda Cappelletti
100%
8 Democrat Anthony Williams
100%
46 Republican Camera Bartolotta
100%
19 Democrat Carolyn Comitta
100%
2 Democrat Christine Tartaglione
100%
25 Republican Cris Dush
100%
29 Republican Dave Argall
100%
31 Republican Dawn Keefer
100%
33 Republican Doug Mastriano
100%
47 Republican Elder Vogel
100%
23 Republican Eugene Yaw
100%
6 Republican Frank Farry
100%
34 Republican Greg Rothman
100%
36 Democrat James Malone
100%
5 Republican Joe Picozzi
100%
9 Democrat John Kane
100%
30 Republican Judy Ward
100%
39 Republican Kim Ward
100%
28 Republican Kristin Phillips-Hill
100%
38 Democrat Lindsey Williams
100%
20 Republican Lisa Baker
100%
18 Democrat Lisa Boscola
100%
27 Republican Lynda Culver
100%
22 Democrat Marty Flynn
100%
1 Democrat Nikil Saval
100%
32 Republican Patrick Stefano
100%
15 Democrat Patty Kim
100%
40 Republican Rosemary Brown
100%
21 Republican Scott Hutchinson
100%
13 Republican Scott Martin
100%
26 Democrat Tim Kearney
100%
24 Republican Tracy Pennycuick
100%
7 Democrat Vincent Hughes
100%
4 Democrat Art Haywood
50%
48 Republican Chris Gebhard
50%
49 Republican Dan Laughlin
50%
37 Republican Devlin Robinson
50%
16 Republican Jarrett Coleman
50%
43 Democrat Jay Costa
50%
11 Democrat Judy Schwank
50%
44 Democrat Katie Muth
50%
12 Democrat Maria Collett
50%
50 Republican Michele Brooks
50%
14 Democrat Nick Miller
50%
45 Democrat Nick Pisciottano
50%
3 Democrat Sharif Street
50%
10 Democrat Steve Santarsiero
50%
42 Democrat Wayne Fontana
50%
35 Republican Wayne Langerholc
50%
41 Republican Joe Pittman
0%
No matching quizzes found
Score Distribution
Percent of People with Each Score
Percentile by Number Answered
Your Score History
You have not taken this quiz